| 000 | 01283nam a2200265 i 4500 | ||
|---|---|---|---|
| 001 | 44694 | ||
| 003 | ES-MaACL | ||
| 005 | 20250928134702.0 | ||
| 007 | t| | ||
| 008 | 030324s1952 cu ||||1| spa d | ||
| 245 | 0 | 6 |
_aEn el cincuentenario de la Independencia _b: discursos leídos por los Académicos ... en la sesión solemne celebrada el día 21 de mayo de 1952 / _cpalabras de apertura por Emeterio S. Santovenia y Echaide. |
| 260 |
_aLa Habana : _bEl Siglo XX, _c1952. |
||
| 300 |
_a60 p. ; _c24 cm. |
||
| 500 | _aPrecede al tít.: Academia de la Historia de Cuba. | ||
| 505 | 8 | _aContiene: Organización del poder judicial / por Enrique Gay-Calbó. Organización y constitución del poder legislativo / José Manuel Pérez Cabrera. Organización e inauguración del poder ejecutivo / por Juan J. Remos. Cuba en el concierto internacional / Cosme de la Torriente | |
| 651 | 4 |
_aCuba- _xHistoria. _98094 |
|
| 700 | 1 |
_aSantovenia, Emeterio S. _9103543 |
|
| 700 | 1 |
_aGay Calbó, Enrique. _956116 |
|
| 700 | 1 |
_aPérez Cabrera, José Manuel. _990691 |
|
| 700 | 1 |
_aRemos y Rubio, Juan J. _996150 |
|
| 700 | 1 |
_aTorriente, Cosme de la, _dn. 1872 _9111040 |
|
| 710 | 2 |
_aAcademia de la Historia de Cuba. _91183 |
|
| 852 |
_aES-MaACL _j1976-F-5 _bR.32687 |
||
| 999 |
_c44694 _d44694 |
||